<?xml version="1.0" encoding="UTF-8"?>
<collection xmlns="http://www.loc.gov/MARC21/slim">
 <record>
  <leader>00740nam a22002295a 4500</leader>
  <controlfield tag="001">EUN.eunm007596</controlfield>
  <controlfield tag="005">20190910075114.0</controlfield>
  <controlfield tag="008">181031s2015####ag############000#1#spa#d</controlfield>
  <datafield tag="020" ind1=" " ind2=" ">
   <subfield code="a">9789506442835</subfield>
  </datafield>
  <datafield tag="041" ind1="1" ind2=" ">
   <subfield code="a">spa</subfield>
   <subfield code="h">eng</subfield>
  </datafield>
  <datafield tag="082" ind1="0" ind2="4">
   <subfield code="a">813.5</subfield>
   <subfield code="2">15</subfield>
  </datafield>
  <datafield tag="100" ind1="1" ind2=" ">
   <subfield code="a">King, Stephen,</subfield>
   <subfield code="d">1947-</subfield>
  </datafield>
  <datafield tag="245" ind1="0" ind2="3">
   <subfield code="a">Doctor sueño /</subfield>
   <subfield code="c">Stephen King ; traducción de José Óscar Hernández Sendín.</subfield>
  </datafield>
  <datafield tag="250" ind1=" " ind2=" ">
   <subfield code="a">3a. ed. en la Argentina bajo este sello.</subfield>
  </datafield>
  <datafield tag="260" ind1=" " ind2=" ">
   <subfield code="a">Buenos Aires :</subfield>
   <subfield code="b">PJ,</subfield>
   <subfield code="c">2015.</subfield>
  </datafield>
  <datafield tag="300" ind1=" " ind2=" ">
   <subfield code="a">601 p. ;</subfield>
   <subfield code="c">23 cm.</subfield>
  </datafield>
  <datafield tag="500" ind1=" " ind2=" ">
   <subfield code="a">Traducción de: Doctor Sleep.</subfield>
  </datafield>
  <datafield tag="650" ind1=" " ind2="7">
   <subfield code="a">Literatura.</subfield>
   <subfield code="2">unbist</subfield>
  </datafield>
  <datafield tag="650" ind1=" " ind2="7">
   <subfield code="a">Siglo XXI.</subfield>
   <subfield code="2">unbist</subfield>
  </datafield>
  <datafield tag="651" ind1=" " ind2="7">
   <subfield code="a">Estados Unidos.</subfield>
   <subfield code="2">unbist</subfield>
  </datafield>
  <datafield tag="653" ind1=" " ind2=" ">
   <subfield code="a">Novela</subfield>
  </datafield>
  <datafield tag="859" ind1=" " ind2=" ">
   <subfield code="a">AR-BaUNS</subfield>
   <subfield code="b">BIB. CENTRAL - Sector A</subfield>
   <subfield code="h">813.5</subfield>
   <subfield code="i">K587-3</subfield>
   <subfield code="p">126813/018</subfield>
  </datafield>
 </record>
</collection>
